[Event "Lovfalds 13th E"]
[Site "Ringsted"]
[Date "1999.09.19"]
[Round "5"]
[White "Christoffersen, Peter"]
[Black "Jensen, Arne Skov"]
[Result "1/2-1/2"]
[WhiteElo "1367"]
[BlackElo "1405"]
[PlyCount "43"]
[EventDate "1999.09.17"]
[EventType "tourn"]
[EventRounds "5"]
[EventCountry "DEN"]
[SourceTitle "EXT 2023"]
[Source "ChessBase"]
[SourceDate "2022.10.05"]
[SourceVersion "1"]
[SourceVersionDate "2022.10.05"]
[SourceQuality "1"]

1. d4 d5 2. c4 Nf6 3. Nf3 Bf5 4. Nc3 e6 5. Bg5 Be7 6. e3 h6 7. Bxf6 Bxf6 8. Bd3 Bxd3 9. Qxd3 0-0 10. cxd5 exd5 11. Qb5 Nd7 12. Qxd5 c6 13. Qb3 Nb6 14. 0-0 Qe7 15. Rac1 Rfd8 16. Rfd1 Rd7 17. Ne2 Nd5 18. a3 g6 19. Qd3 Re8 20. Ng3 h5 21. Re1 h4 22. Nf1 1/2-1/2

[Event "Lovfalds 13th E"]
[Site "Ringsted"]
[Date "1999.09.18"]
[Round "3"]
[White "Christoffersen, Peter"]
[Black "Bang, Mogens"]
[Result "0-1"]
[WhiteElo "1367"]
[BlackElo "1300"]
[PlyCount "52"]
[EventDate "1999.09.17"]
[EventType "tourn"]
[EventRounds "5"]
[EventCountry "DEN"]
[SourceTitle "EXT 2023"]
[Source "ChessBase"]
[SourceDate "2022.10.05"]
[SourceVersion "1"]
[SourceVersionDate "2022.10.05"]
[SourceQuality "1"]

1. e4 d6 2. d4 Nf6 3. Nc3 Nbd7 4. Bc4 e5 5. Nf3 Be7 6. Bxf7+ Kxf7 7. Ng5+ Kg8 8. Ne6 Qe8 9. Nxc7 Qd8 10. Nxa8 b6 11. Qd3 Bb7 12. Qc4+ d5 13. Nxd5 Nxd5 14. exd5 Bd6 15. dxe5 Nxe5 16. Qb3 Bxa8 17. 0-0 Kf8 18. Bf4 Qf6 19. g3 Ng6 20. Bxd6+ Qxd6 21. Qf3+ Ke7 22. Rfe1+ Kd8 23. Re6 Qxe6 24. c4 Ne5 25. Qe2 Qf6 26. Re1 Nf3+ 0-1

[Event "Lovfalds 13th E"]
[Site "Ringsted"]
[Date "1999.09.18"]
[Round "2"]
[White "Larsen, Vagn"]
[Black "Christoffersen, Peter"]
[Result "0-1"]
[WhiteElo "1456"]
[BlackElo "1367"]
[PlyCount "42"]
[EventDate "1999.09.17"]
[EventType "tourn"]
[EventRounds "5"]
[EventCountry "DEN"]
[SourceTitle "EXT 2023"]
[Source "ChessBase"]
[SourceDate "2022.10.05"]
[SourceVersion "1"]
[SourceVersionDate "2022.10.05"]
[SourceQuality "1"]

1. e4 e5 2. Nf3 Nc6 3. Bb5 a6 4. Ba4 Nf6 5. d3 d6 6. 0-0 Be7 7. c3 0-0 8. h3 b5 9. Bb3 Bb7 10. Be3 d5 11. exd5 Nxd5 12. Qe2 f5 13. Bg5 Bxg5 14. Nxg5 Qxg5 15. Bxd5+ Kh8 16. Qf3 Rf6 17. Qg3 Qh6 18. f4 Rg6 19. Qf3 Rd8 20. Bf7 Na5 21. Qe3 Rxg2+ 0-1

[Event "Lovfalds 08th G"]
[Site "Ringsted"]
[Date "1994.09.30"]
[Round "5"]
[White "Jacobsen, Niels"]
[Black "Christoffersen, Peter"]
[Result "0-1"]
[WhiteElo "1209"]
[BlackElo "1181"]
[PlyCount "60"]
[EventDate "1994.09.02"]
[EventType "swiss"]
[EventRounds "5"]
[EventCountry "DEN"]
[SourceTitle "EXT 2023"]
[Source "ChessBase"]
[SourceDate "2022.10.05"]
[SourceVersion "1"]
[SourceVersionDate "2022.10.05"]
[SourceQuality "1"]

1. d4 Nf6 2. c4 e6 3. Bg5 c5 4. d5 d6 5. Nc3 g6 6. Bxf6 Qxf6 7. Nb5 Qd8 8. e3 exd5 9. Qxd5 a6 10. Nc3 Nc6 11. Rd1 Be6 12. Qe4 Bg7 13. Nge2 0-0 14. b3 Qa5 15. Qd3 Nb4 16. Qd2 Bf5 17. Rc1 Nd3+ 18. Kd1 Nxf2+ 19. Ke1 Nxh1 20. g3 Bd7 21. Bg2 Bc6 22. e4 Nxg3 23. hxg3 Rad8 24. Kf2 f5 25. Qg5 fxe4+ 26. Ke3 Rf5 27. Qh4 Rdf8 28. Qe7 Qd8 29. Qe6+ R8f7 30. Rd1 Qg5+ 0-1

[Event "Lovfalds 08th G"]
[Site "Ringsted"]
[Date "1994.09.16"]
[Round "3"]
[White "Christoffersen, Peter"]
[Black "Nielsen, Kurt"]
[Result "1/2-1/2"]
[WhiteElo "1181"]
[BlackElo "1210"]
[PlyCount "47"]
[EventDate "1994.09.02"]
[EventType "swiss"]
[EventRounds "5"]
[EventCountry "DEN"]
[SourceTitle "EXT 2023"]
[Source "ChessBase"]
[SourceDate "2022.10.05"]
[SourceVersion "1"]
[SourceVersionDate "2022.10.05"]
[SourceQuality "1"]

1. e4 c6 2. d4 d5 3. Nc3 dxe4 4. Nxe4 Bf5 5. Ng3 Bg6 6. Nf3 h6 7. Bc4 e6 8. 0-0 Nf6 9. Re1 Be7 10. c3 Nbd7 11. a4 Nb6 12. Bd3 Bxd3 13. Qxd3 a5 14. Ne4 Nbd5 15. Nxf6+ Bxf6 16. h3 Qc7 17. Bd2 Be7 18. Ne5 Bg5 19. b4 Bxd2 20. Qxd2 axb4 21. cxb4 0-0 22. Rec1 Qd6 23. Rcb1 b5 24. a5 1/2-1/2